01164nam a2200301Ia 4500001001200000003000800012006001900020007001500039008004100054020001800095020001800113040002100131035002100152050002300173245008400196250002600280260005400306300002600360490004600386504004100432533015200473650001300625650002300638655002900661700002900690710001700719856012600736ebr10569750CaPaEBRm u cr cn|||||||||000314s2012 miua sb s000 0 eng d z9780472028887 z9780472035083 aCaPaEBRcCaPaEBR a(OCoLC)79781660214aUB360b.D57 2012eb00aDisabled veterans in historyh[electronic resource] /cDavid A. Gerber, editor. aEnlarged and rev. ed. aAnn Arbor :bUniversity of Michigan Press,c2012. axxiii, 384 p. :bill.0 aCorporealities : discourses of disability aIncludes bibliographical references. aElectronic reproduction.bPalo Alto, Calif. :cebrary,d2011.nAvailable via World Wide Web.nAccess may be limited to ebrary affiliated libraries. 0aHistory. 0aDisabled veterans. 7aElectronic books.2local1 aGerber, David A.,d1944-2 aebrary, Inc.40uhttp://site.ebrary.com/lib/rucke/Doc?id=10569750zAn electronic book accessible through the World Wide Web; click to view